Samay ke Shilalekh / (Record no. 47346)

MARC details
000 -LEADER
fixed length control field 00547nam a22001817a 4500
003 - CONTROL NUMBER IDENTIFIER
control field OSt
008 - FIXED-LENGTH DATA ELEMENTS--GENERAL INFORMATION
fixed length control field 241207b |||||||| |||| 00| 0 eng d
082 ## - DEWEY DECIMAL CLASSIFICATION NUMBER
Classification number 891.431
Item number V69S
100 ## - MAIN ENTRY--PERSONAL NAME
Personal name Jajayavargiya, Dayakrishna. 'Vijay'
245 ## - TITLE STATEMENT
Title Samay ke Shilalekh /
Statement of responsibility, etc. by Dayakrishna Jajayavargiya 'Vijay'
260 ## - PUBLICATION, DISTRIBUTION, ETC. (IMPRINT)
Place of publication, distribution, etc .- Kota (Rajasthan)
Name of publisher, distributor, etc : Jijay Prakashan
Date of publication, distribution, etc , nd.
300 ## - PHYSICAL DESCRIPTION
Extent 132p.
650 ## - SUBJECT ADDED ENTRY--TOPICAL TERM
Topical term or geographic name as entry element Literature
650 ## - SUBJECT ADDED ENTRY--TOPICAL TERM
Topical term or geographic name as entry element Literatures of Specific Languages and Language Families
650 ## - SUBJECT ADDED ENTRY--TOPICAL TERM
Topical term or geographic name as entry element Hindi Literatures
650 ## - SUBJECT ADDED ENTRY--TOPICAL TERM
Topical term or geographic name as entry element Poetry
942 ## - ADDED ENTRY ELEMENTS (KOHA)
Source of classification or shelving scheme
Koha item type Hindi Books
Holdings
Withdrawn status Lost status Source of classification or shelving scheme Damaged status Not for loan Home library Current library Date acquired Source of acquisition Cost, normal purchase price Total Checkouts Full call number Barcode Date last seen Bill Date Koha item type Bill Number
          Dr. Rajendra Prasad Central Agricultural University Pusa, Dr. Rajendra Prasad Central Agricultural University Pusa, 07/12/2024 Donated by Dr. Dayakrishna Vijayavargiya 150.00   891.431 V69S 81827 07/12/2024   Hindi Books Gift
Hosted, Implemented, Customized & Maintained by: BestBookBuddies

Powered by Koha